000 00269nam a2200109Ia 4500
005 20251222154406.0
008 251222s9999||||xx |||||||||||||| ||spa||
082 _a868.9/C96
100 _a"Cunqueiro Mora, Álvaro "
245 0 _aLas cronicas del Sochantre
942 _cLIB
999 _c35469
_d35469